000 00770nam a2200193Ia 4500
008 0000001988 usa 0000000000eng00
090 _aPUS00 F67f
100 1 _aFort, Ilene Susan
245 1 0 _aThe flag paintings of Childe Hassam
_c/ Irene Susan Fort
300 _a128 p.
_c/ 24 cm.
500 _aExposición realizada en National Gallery of Art, Washington, Mayo 8 Julio 17, 1988 \ Con el patronazgo del maestro venezolano Jesús Rafael Soto (q.e.p.d.)
600 0 0 _aHASSAM, CHILDE, 18591935/
_xTRABAJOS PICTORICOS
650 1 4 _aBANDERAS EN EL ARTE
650 1 4 _xCATALOGOS
650 1 4 _xEXPOSICIONES
650 1 4 _aPINTORES ESTADOUNIDENSES
650 1 4 _aPINTURA ESTADOUNIDENSE
999 _c5546
_d5546
260 _aLos Angeles : Los Angeles County Museum of Art
_c1988